[Event "Jesenik Rapid op"]
[Site "Jesenik"]
[Date "2023.08.18"]
[Round "5"]
[White "Ondracek, Daniel"]
[Black "Abrahamek, David"]
[Result "1-0"]
[WhiteElo "1193"]
[BlackElo "1472"]
[PlyCount "73"]
[EventDate "2023.08.18"]
[EventType "swiss (rapid)"]
[EventRounds "9"]
[EventCountry "CZE"]
[SourceTitle "EXT 2024"]
[Source "ChessBase"]
[SourceDate "2023.10.10"]
[SourceVersion "1"]
[SourceVersionDate "2023.10.10"]
[SourceQuality "1"]

1. Nf3 d5 2. d4 Nc6 3. c4 e6 4. Nc3 Nf6 5. Bg5 dxc4 6. e4 h6 7. Bxf6 Qxf6 8. Bxc4 Bb4 9. 0-0 a6 10. a3 Ba5 11. Re1 0-0 12. e5 Qg6 13. Bd3 f5 14. Nh4 Qg5 15. Nf3 Qg6 16. Qb3 Rb8 17. a4 b5 18. axb5 Bxc3 19. bxc3 axb5 20. Bxb5 Bd7 21. Qc4 Qe8 22. Bxc6 Bxc6 23. Ra6 Rb6 24. Rxb6 cxb6 25. Qd3 Be4 26. Qe3 Qc6 27. Rc1 Rb8 28. c4 Qa4 29. Nd2 b5 30. cxb5 Rxb5 31. Nxe4 fxe4 32. Rc8+ Kh7 33. Qxe4+ g6 34. Rc7+ Kh8 35. h3 Qd1+ 36. Kh2 Qh5 37. Qa8+ 1-0

[Event "Jesenik Rapid op"]
[Site "Jesenik"]
[Date "2023.08.18"]
[Round "1"]
[White "Ondracek, Daniel"]
[Black "Vrana, Frantisek"]
[Result "0-1"]
[WhiteElo "1193"]
[BlackElo "2137"]
[PlyCount "116"]
[EventDate "2023.08.18"]
[EventType "swiss (rapid)"]
[EventRounds "9"]
[EventCountry "CZE"]
[SourceTitle "EXT 2024"]
[Source "ChessBase"]
[SourceDate "2023.10.10"]
[SourceVersion "1"]
[SourceVersionDate "2023.10.10"]
[SourceQuality "1"]

1. Nf3 d5 2. d4 Bf5 3. Bf4 c5 4. e3 Nf6 5. c4 e6 6. Nc3 Nc6 7. Be2 dxc4 8. Bxc4 cxd4 9. Nxd4 Nxd4 10. Qxd4 Qxd4 11. exd4 Bb4 12. Bb5+ Ke7 13. 0-0 Rhd8 14. Be5 Rac8 15. Bxf6+ Kxf6 16. Rac1 Bd6 17. Rfd1 Bf4 18. Ra1 Bc2 19. Re1 Rxd4 20. g3 Bd2 21. Rf1 Bxc3 22. bxc3 Rxc3 23. Rac1 b6 24. Rfe1 Rc5 25. Be2 Ra4 26. Ra1 Rca5 27. Rec1 Be4 28. Bc4 Rc5 29. Bb3 Raa5 30. Rxc5 Rxc5 31. Kf1 Bf3 32. Ke1 e5 33. Kd2 Bd5 34. Bxd5 Rxd5+ 35. Ke3 Ke6 36. Rc1 Ra5 37. Rc2 Ra3+ 38. Ke2 e4 39. h4 g6 40. Rd2 h5 41. Rc2 b5 42. Rb2 a6 43. Rc2 Ke5 44. Rd2 b4 45. Rc2 a5 46. Rc5+ Kd4 47. Rc2 f6 48. Kd2 Rc3 49. Rb2 g5 50. Ke2 gxh4 51. gxh4 f5 52. Rd2+ Rd3 53. Rc2 f4 54. Rb2 f3+ 55. Ke1 Kc3 56. Rb3+ Kc2 57. Rxd3 exd3 58. a4 d2+ 0-1